The efficient use of steam, (Record no. 3482)

MARC details
000 -LEADER
fixed length control field 00814nac a22002051u 4500
010 ## - LIBRARY OF CONGRESS CONTROL NUMBER
LC control number 48017907
082 00 - DEWEY DECIMAL CLASSIFICATION NUMBER
Classification number 621.1
Item number L988
090 ## - LOCALLY ASSIGNED LC-TYPE CALL NUMBER (OCLC); LOCAL CALL NUMBER (OCLC)
-- 3482
-- 3482
100 ## - MAIN ENTRY--PERSONAL NAME
Personal name Lyle, Oliver.
245 14 - TITLE STATEMENT
Title The efficient use of steam,
Statement of responsibility, etc written for the Fuel Efficiency Committee of the Ministry of Fuel and Power /
Remainder of title Oliver Lyle.
260 ## - PUBLICATION, DISTRIBUTION, ETC. (IMPRINT)
Place of publication, distribution, etc London,
Name of publisher, distributor, etc H.M. Stationery Off.,
Date of publication, distribution, etc 1947.
300 ## - PHYSICAL DESCRIPTION
Extent 912 p.
Other physical details illus.
Dimensions 25 cm.
500 ## - GENERAL NOTE
General note Donations.
500 ## - GENERAL NOTE
General note Donations - Bibliotheca Alexandrina.
504 ## - BIBLIOGRAPHY, ETC. NOTE
Bibliography, etc Includes Index.
650 #0 - SUBJECT ADDED ENTRY--TOPICAL TERM
Topical term or geographic name as entry element Steam engineering.
710 1# - ADDED ENTRY--CORPORATE NAME
Corporate name or jurisdiction name as entry element Great Britain.
Subordinate unit Ministry of Fuel and Power.
-- Fuel Efficiency Committee.
942 ## - ADDED ENTRY ELEMENTS (KOHA)
Item type Book - Borrowing
Call number prefix 621.1L988
Holdings
Withdrawn status Item status Source of classification or shelving scheme Damaged status Not for loan Home library Current library Shelving location Date acquired Source of acquisition Total Checkouts Full call number Barcode Date last seen Koha item type
    Dewey Decimal Classification     Central Library Central Library First floor 19/04/2007 Purchase   621.1 LYL 000030355 15/07/2025 Book - Borrowing